| 000 | 01482cam a22002895a 4500 | ||
|---|---|---|---|
| 001 | 12437617 | ||
| 005 | 20160105150008.0 | ||
| 008 | 130930t2015 nyua frb 001 0 eng d | ||
| 020 | _a1259253740 | ||
| 020 | _a9781259253744 | ||
| 040 |
_aDLC _beng _cDLC _dYDX _dYDXCP _dOCLCF _dUKMGB _dSIITE _dEG-ScBUE |
||
| 082 | 0 | 4 |
_a658.311 _222 _bHEN |
| 100 | 1 |
_aHeneman, Herbert Gerhard, _d1944- _938982 |
|
| 245 | 1 | 0 |
_aStaffing organizations / _cHerbert G. Heneman III, Timothy A. Judge, John D. Kammeyer-Mueller. |
| 250 | _a8th ed, International ed. | ||
| 260 |
_aNew York : _bMcGraw-Hill Education, _c2015. |
||
| 300 |
_axviii, 750 p. : _bill. ; _c24 cm. |
||
| 500 | _aThis International student edition is for use outside the U.S. | ||
| 504 | _aIncludes bibliographical references and indexes. | ||
| 505 | 0 | _aThe nature of staffing -- Staffing models and strategy -- Support activities -- Legal compliance -- Planning -- Job analysis and rewards -- Staffing activities: recruitment -- External recruitment -- Internal recruitment -- Staffing activities : selection -- Measurement -- External selection -- Internal selection -- Decision making -- Final match -- Staffing system and retention -- Management -- Staffing system management -- Endnotes -- Index. | |
| 650 | 7 |
_aEmployees _xRecruiting. _2BUEsh _938983 |
|
| 650 | 7 |
_aEmployee selection. _2BUEsh _938981 |
|
| 653 |
_bBUSADM _cAugust2015 _cJanuary2016 |
||
| 700 | 1 | _aJudge, Tim. | |
| 700 | 1 | _aKammeyer-Mueller, John. | |
| 942 | _2ddc | ||
| 999 |
_c20436 _d20408 |
||